000
00205 a2200097 4500
001
8964
100
_a
Kupfer G H
245
_a
Legends of Greece & Rome
260
_a
_b
george & Co
_c
090
_c
7154
_d
7154
942
_a
NUST-CAE
_c
M
_c
33772
999
_c
244037
_d
244037